00542nam a2200205Ia 4500008004100000041001200041082001200053100002000065245003400085260004300119300000900162365000800171520001300179520003800192546001200230630003400242650001300276655001300289730003400302101110s9999 xx 000 0 und d aENGLISH bSR34043 aChakrabrti A.K. aCost & management accountancy c2009bNew Central Book Agency, Kolkata a1096 b295 aCommerce aUGC XIth Five Year Plan 2009-2010 aENGLISH aCost & management accountancy aCommerce aCommerce aCost & management accountancy